Sleep Token - Alkaline (All lyrics) - Statistics

General Stats
  • This quiz has been taken 227 times
  • The average score is 157 of 190
Answer Stats
Lyrics % Correct
a
100%
I
98%
alkaline
96%
in
96%
she's
95%
She's
95%
acid
94%
an
94%
and
94%
And
94%
not
94%
Not
94%
to
94%
To
94%
it
93%
nor
93%
The
93%
the
93%
caught
91%
Caught
91%
Caught
91%
between
90%
black
89%
white
89%
her
88%
I'm
88%
me
88%
perfectly
88%
day
86%
design
86%
night
86%
or
86%
my
85%
of
85%
mine
84%
misaligned
84%
up
83%
either
81%
Either
81%
quite
81%
connects
80%
different
80%
how
80%
desire
79%
see
79%
chemistry
78%
let's
78%
talk
78%
about
76%
light
76%
is
74%
am
73%
something
70%
changing
69%
Every
69%
late
69%
now,
69%
once
69%
while
69%
changes
68%
for
68%
it's
68%
through
68%
too
68%
objects
65%
heart
64%
melt
64%
molecules
64%
There
64%
'Cause
63%
dying
63%
element
63%
beneath
61%
like
61%
undiscovered
61%
way
61%
altered
60%
holy
60%
into
60%
water
60%
anything
58%
hell
58%
If
58%
born
56%
heaven-sent
56%
part
53%
particles
48%
'Til
45%
Ooh,
33%
No matching quizzes found
Score Distribution
Percent of People with Each Score
Percentile by Number Answered
Your Score History
You have not taken this quiz